Statistics for Huge and Giant Creatures, Beings, and Beasts

Click here to take the quiz!

General Stats

  • This quiz has been taken 86 times
  • The average score is 11 of 16

Answer Stats

HintCreature% Correct
Tallest land animal todaygiraffe
99%
Heaviest land animal todayAfrican elephant
98%
In Greek mythology, a giant one-eyed creatureCyclops
93%
First appearing in 1933, a giant gorilla-like monster dubbed the 8th Wonder of the WorldKing Kong
93%
In Greek mythology, a multi-headed snake with the power of regeneration and deadly poisonHydra
91%
Largest/heaviest animal everblue whale
86%
In Greek mythology, the Titan condemned to hold up the heavens for eternityAtlas
84%
First appearing in 1954, a prehistoric radioactive sea monster dubbed King of the MonstersGodzilla
83%
Legendary sea monster of enormous size said to appear off the coasts of Norwaykraken
83%
Giant Philistine warrior from the BibleGoliath
74%
Largest fish todaywhale shark
63%
Created by H. P. Lovecraft, a humanoid octopus dragon worshipped by cultistsCthulhu
62%
In the Marvel Universe, cosmic entity who consumes planets to sustain his life forceGalactus
40%
Sea serpent noted in theology and mythology, referenced in the BibleLeviathan
38%
Planet-sized robot introduced in the 1986 film The Transformers: The MovieUnicron
15%
From the Book of Job, a primeval chaos-monster created by God in the beginningBehemoth
12%

Score Distribution

Percentile by Number Answered

Percent of People with Each Score

Your Score History

You have not taken this quiz